| 000 | 00375nam a2200145Ia 4500 | ||
|---|---|---|---|
| 008 | 210716s1994 xx 000 0 und d | ||
| 020 | _a818601182x | ||
| 041 | _aeng | ||
| 082 | _a004 KUMN | ||
| 100 | _aKumar, Naveen. | ||
| 245 | _aComputer science concepts for class xii. | ||
| 250 | _a1 | ||
| 260 |
_aNew Delhi _bGalgotia Publication Pvt Ltd _c1994 |
||
| 300 | _axvi, 464 | ||
| 999 |
_c182852 _d182852 |
||